000 00774cam a2200205 i 4500
005 20251217114621.0
008 250721s2007 jo gr 000 0 ara d
082 1 4 _a216.94
_bع و ض
100 1 _aالعوضي، أحمد
_eمؤلف.
245 1 2 _aالقانون الدستوري الإسلامي /
_cتأليف الاستاذ الدكتور أحمد العوضي.
250 _aالطبعة الأولى.
264 3 1 _aالكرك :
_bمطبعة الأزهر،
_c2007.
264 3 1 _aالكرك :
_bمؤسسة رام للكمبيوتر،
_c2007.
300 _a321 صفحة.
650 1 7 _aالقانون الدستوري.
650 1 7 _aالأحكام السلطانية.
650 1 7 _aالإسلام.
942 _2ddc
_cBK
999 _c107038
_d107038